MARC

LEADER 00000nam0a2200000 4500
001 174060
005 20231031164603.0
035 |a (RuTPU)RU\TPU\book\188758 
090 |a 174060 
100 |a 20100118d1934 m y0rusy50 ca 
101 1 |a rus  |c ger 
102 |a RU 
105 |a y z 001zy 
200 1 |a Строение углеводов  |e пер. с нем.  |f В. Н. Гэворт  |g Всесоюзный научно-исследовательский институт спиртовой промышленности 
210 |a Москва  |d 1934  |a Ленинград 
215 |a 104 с. 
320 |a Библиогр. в примеч. 
320 |a Указатель авторов: с. 100. 
320 |a Предметный указатель: с. 101-103. 
610 1 |a углеводы 
610 1 |a строение 
610 1 |a сахар 
610 1 |a реакции 
610 1 |a производные 
610 1 |a соединения 
610 1 |a сахароза 
610 1 |a полисахариды 
675 |a 547  |v 3 
700 1 |a Гэворт  |b В. Н. 
712 0 2 |a Всесоюзный научно-исследовательский институт спиртовой промышленности  |2 stltpush  |3 (RuTPU)RU\TPU\col\15802 
801 1 |a RU  |b 63413507  |c 20100118 
801 2 |a RU  |b 63413507  |c 20100406  |g RCR 
942 |c BK